000 00764cam a2200241 a 4500
001 000002795
005 20200929150245.0
008 950328s2000 sp a b 000 1 spa d
020 _a8437612055
040 _aDO-SdBNP
_bspa
_cBNPHU
082 _a863.3
_bT355m, 2000
245 0 0 _aTextos medievales de caballerías /
_cedición de José María Viña Liste.
250 _a2a ed.
260 _aMadrid :
_bCátedra,
_c2000.
300 _a742 p. :
_bil. ;
_c18 cm.
490 1 _aLetras hispánicas
_v373
504 _aBibliografía: (p. 85-92).
650 4 _aNovela española
_91123
650 4 _aLibros de caballerías
_98827
650 4 _aLiteratura española
_9632
700 1 _aViña Liste, José María,
_eed.
_98828
830 0 _aLetras hispánicas ;
_v373
_94208
999 _c2629
_d2629